Il Mahatma Letteratura
Gorde:
| Egile nagusia: | |
|---|---|
| Formatua: | Liburua |
| Hizkuntza: | hizkuntza ezezaguna |
| Argitaratua: |
B&B
|
| Etiketak: |
Etiketarik gabe, Izan zaitez lehena erregistro honi etiketa jartzen!
|
MARC
| LEADER | 00000nam a2200000Ia 4500 | ||
|---|---|---|---|
| 001 | R-1707 | ||
| 003 | CODICE-MESSINA | ||
| 005 | 20260212102511.0 | ||
| 008 | 260211s9999 xx 000 0 und d | ||
| 040 | |c importazione_messina | ||
| 100 | |a M.K.Gandhi | ||
| 245 | 0 | |a Il Mahatma | |
| 245 | 0 | |b Letteratura | |
| 260 | |b B&B | ||
| 942 | |2 ddc |c BK | ||
| 952 | |0 0 |1 0 |2 ddc |4 0 |6 SCAFFALE_17_000000000000000__STANZA_2__LETTERATURA |7 0 |9 32548 |a ME |b ME |d 2026-02-11 |l 0 |o SCAFFALE 17 - STANZA 2 - LETTERATURA |p R-1707 |r 2026-02-11 23:53:15 |w 2026-02-11 |x [REVISIONARE] |y BK | ||
| 999 | |c 28215 |d 28215 | ||